|
|
|
|
| LEADER |
00775nta a2200205 i 4500 |
| 001 |
dokt7767 |
| 005 |
20220928132839.0 |
| 008 |
220928s1978 hu om 0|| hun d |
| 040 |
|
|
|a SZTE Doktori Repozitórium
|b hun
|
| 041 |
|
|
|a hun
|
| 100 |
2 |
|
|a Csorbáné Tóth Marianna
|
| 245 |
1 |
2 |
|a A szocialista realizmus kialakulása Alekszej Tolsztoj életművében
|h [elektronikus dokumentum] /
|c Csorbáné Tóth Marianna
|
| 260 |
|
|
|c 1978
|
| 502 |
|
|
|a Disszertacio
|
| 650 |
|
4 |
|a irodalom- és kultúra tudományok
|
| 650 |
|
4 |
|a Bölcsészettudományok
|
| 650 |
|
4 |
|a Nyelvek és irodalom
|
| 695 |
|
|
|a Tolstoj, Aleksej Nikolaevic, Orosz irodalom
|
| 700 |
1 |
|
|a nincs megadva
|e ths
|
| 856 |
4 |
0 |
|u https://doktori.bibl.u-szeged.hu/id/eprint/7767/1/1978_csorbane_toth_marianna.pdf
|z Dokumentum-elérés
|